LIBRARY & INFORMATION CENTRE, KCAET, TAVANUR

ONLINE PUBLIC ACCESS CATALOGUE (OPAC)

Computer applications in food production and agricultural engineering (Record no. 9)

MARC details
000 -LEADER
fixed length control field 00665cam a2200229ua 4500
003 - CONTROL NUMBER IDENTIFIER
control field OSt
008 - FIXED-LENGTH DATA ELEMENTS--GENERAL INFORMATION
fixed length control field 250802b |||||||| |||| 00| 0 eng d
020 ## - INTERNATIONAL STANDARD BOOK NUMBER
ISBN 0-444-86384-2
041 ## - LANGUAGE CODE
Language code of text/sound track or separate title eng
082 ## - DEWEY DECIMAL CLASSIFICATION NUMBER
Classification number 664
Item number KAL/CO
100 ## - MAIN ENTRY--AUTHOR NAME
Personal name Kalman, Robert E .
245 00 - TITLE STATEMENT
Title Computer applications in food production and agricultural engineering
250 ## - EDITION STATEMENT
Edition statement 1 /
260 ## - PUBLICATION, DISTRIBUTION, ETC. (IMPRINT)
Place of publication Amsterdam :
Name of publisher North Holland Publishing Company ,
Year of publication 1982.
300 ## - PHYSICAL DESCRIPTION
Number of Pages 334 ; .
650 ## - SUBJECT ADDED ENTRY--TOPICAL TERM
Topical Term Agricultural economics
650 ## - SUBJECT ADDED ENTRY--TOPICAL TERM
Topical Term Arthropod population
650 ## - SUBJECT ADDED ENTRY--TOPICAL TERM
Topical Term extension service
650 ## - SUBJECT ADDED ENTRY--TOPICAL TERM
Topical Term Sugar industry
700 1# - ADDED ENTRY--PERSONAL NAME
Personal name Martinez, Jesus .
942 ## - ADDED ENTRY ELEMENTS (KOHA)
Koha item type Books
Holdings
Withdrawn status Lost status Damaged status Home library Current library Date acquired Full call number Accession Number Koha item type
      KAUAET KAUAET 07/04/2012 664 KAL/CO 19452 Books
free website counter